01565nam a2200349 a 4500001001000000003000500010005001700015008004100032010001100073011001100084040000900095090001000104100003800114245017600152260005700328500006000385502010400445590004100549590004000590590004000630590004000670650003300710650004900743650003500792856007000827901000700897942001000904942000600914999001900920952014000939952013601079000112479CHAP20220329144308.0160419s2015 mx a fsm |||||||spa d a108940 a109912 cCHAP aTesis1 aRomán Montero, Carolina913081113aLa ganadería bovina ejidal en el municipio de Mapastepec, Chiapas, en el marco del modelo económico neoliberal, 1990-2013/h[En línea]cpor Carolina Román Montero. aSan Cristobal de Las Casas, Chis :bEl autor,c2015. aPara ver el contenido del material haga clic en la liga aTesis (M.C. en Desarrollo Rural Regional) -- UACH. Dirección de Centros Regionales Universitarios aE11695DGDb10c20160427lUCH01h1113 aE6096MTMb05c20160419lUCH01h1300 aE6096MTMb05c20160419lUCH01h1302 aE6096MTMb05c20160420lUCH01h090214aGanaderíaxChiapas.94466814aGanado vacunoxAspectos económicos.94543614aGanado vacunoxChiapas.945442 aFinding aiduhttp://10.13.5.2/tesis/sist112479.pdfzTeclea aquí aBK cTESIS n0 c108940d108940 00102local4053708TESISaBCbBCcPA_TESISd2016-04-19fTESISl0oTesisp33724002521538r2019-12-31 00:00:00tc.2w2019-12-31yTESIS 00104054718TESISaBCbBCd2016-04-19fTESISl0oTesisp33724002521579r2019-12-31 00:00:00w2019-12-31yTESISzRecien adquirido